Statistieken voor Nederlandse Stations

Klik hier om de quiz te nemen!

Algemene statistieken

  • Deze quiz is 692 keer genomen
    (241 sinds de laatste reset)
  • De gemiddelde score is 173 van 395

Antwoordstatistieken

Soort stationStationsnaam% Correct
Spr, IC, ICD, ICE, TH, ESAmsterdam Centraal
98%
Spr, ICAlmere Centrum
94%
Spr, IC, ICEUtrecht Centraal
94%
StopEde Centrum
91%
Stop, Spr, Snel, ICGroningen
91%
Spr, IC, ICD, TH, ESRotterdam Centraal
91%
Stop, Spr, IC, ICEArnhem Centraal
90%
Spr, ICDen Haag Centraal
90%
Stop, Snel, ICMaastricht
88%
Stop, Spr, ICNijmegen
88%
Spr, ICTilburg
88%
Spr, ICVlissingen
88%
Stop, Spr, ICZwolle
88%
Spr, ICEindhoven Centraal
86%
Stop, Spr, ICEnschede
86%
Spr, ICAmsterdam Zuid
85%
Spr, ICAssen
84%
Spr, IC, ICDBreda
84%
ICDen Helder
84%
Stop, Spr, Snel, ICLeeuwarden
84%
Spr, ICLelystad Centrum
84%
Spr, ICMiddelburg
83%
Stop, Spr, ICAmersfoort Centraal
82%
Spr, ICAlkmaar
81%
Spr, ICAlmelo
81%
Spr, ICLeiden Centraal
81%
Spr, IC's-Hertogenbosch
81%
Stop, Spr, ICHengelo
80%
Spr, ICAmsterdam Amstel
78%
Spr, ICAmsterdam Bijlmer ArenA
78%
Spr, ICHaarlem
78%
Stop, Spr, ICRoosendaal
78%
Stop, Snel, ICVenlo
78%
Stop, Spr, ICApeldoorn
76%
Spr, ICDeventer
76%
Stop, Spr, ICDordrecht
76%
Stop, SnelEmmen
76%
Spr, IC, ICD, THSchiphol Airport
76%
Spr, ICGouda
75%
Spr, ICOss
75%
SprAlmere Poort
74%
Spr, ICAmsterdam Sloterdijk
74%
Spr, ICDen Haag Hollands Spoor
74%
Spr, ICGoes
74%
Stop, Snel, ICHeerlen
74%
Spr, ICHoorn
74%
StopDuiven
73%
Stop, Spr, Snel, ICZutphen
73%
Spr, ICAmersfoort Schothorst
71%
Spr, ICDelft
71%
StopHarlingen
71%
SprKampen
71%
Stop, ICSittard
71%
SprAmersfoort Vathorst
70%
Stop, Spr, ICEde-Wageningen
70%
Spr, ICHilversum
70%
Stop, ICRoermond
70%
SprAlmere Muziekwijk
69%
StopHarlingen Haven
69%
Spr, ICHeerenveen
68%
Spr, ICAlmere Buiten
67%
ICEnkhuizen
67%
Spr, ICMeppel
67%
SprBaarn
65%
Spr, ICDieren
65%
Spr, ICZaandam
65%
SprZandvoort aan Zee
65%
Spr, ICRotterdam Alexander
64%
Spr, ICRotterdam Blaak
64%
SprRotterdam Zuid
63%
SprTilburg Universiteit
63%
SprAmsterdam Muiderpoort
62%
Spr, ICDen Haag Laan van N.O.I.
62%
SprUtrecht Overvecht
62%
SprAmsterdam RAI
61%
Spr, ICDuivendrecht
61%
SprVeenendaal Centrum
61%
SprAmsterdam Sciencepark
60%
SprDronten
60%
SprHoogeveen
60%
StopKerkrade Centrum
60%
StopSneek
60%
SprAmsterdam Lelylaan
59%
Spr, ICBergen op Zoom
59%
SprHarderwijk
59%
Spr, ICSchiedam Centrum
59%
Stop, SprTiel
59%
Spr, ICWeert
59%
SprDiemen
58%
Spr, ICHelmond
58%
StopVenray
58%
SprAlmere Oostvaarders
57%
StopDoetinchem
57%
SprPurmerend
57%
StopWinterswijk
57%
Spr, ICWoerden
57%
SprAbcoude
56%
ICAnna Paulowna
55%
SprArnhem Zuid
55%
Spr, ICDriebergen-Zeist
55%
ICEtten-Leur
55%
SprUtrecht Leidsche Rijn
55%
Spr, ICAlphen aan de Rijn
54%
StopBarneveld Centrum
54%
ICDen Helder Zuid
54%
ICVeenendaal De Klomp
54%
Stop, SnelCoevorden
53%
StopDelfzijl
53%
Stop, SprGeldermalsen
53%
Spr, ICHeerhugowaard
53%
ICOlst
53%
SprRotterdam Noord
53%
SprUtrecht Lunetten
53%
Stop, SnelValkenburg
53%
SprKampen Zuid
52%
Stop, Spr, SnelGroningen Europapark
51%
SprHoofddorp
51%
Spr, ICAlkmaar Noord
50%
SprAmsterdam Holendrecht
50%
SprBarendrecht
50%
SprBest
50%
SprBreda Prinsenbeek
50%
SprNijmegen Lent
50%
SprOss West
50%
SprUtrecht Vaartsche Rijn
50%
ICWijhe
50%
StopAalten
49%
Spr, ICCastricum
49%
SprHouten
49%
StopOldenzaal
49%
StopZevenaar
49%
SprLage Zwaluwe
48%
StopNijmegen Heyendaal
48%
SprAlmelo De Riet
47%
SprBoxtel
47%
SprDen Haag Mariahoeve
47%
SprDordrecht Zuid
47%
SprEindhoven Strijp-S
47%
Stop, SprElst
47%
SprEnschede Kennispark
47%
StopGorinchem
47%
StopHardenberg
47%
SprHilversum Media Park
47%
SprRhenen
47%
SprSoest
47%
SprUitgeest
47%
SprVelp
47%
SprWijchen
47%
SprZoetermeer
47%
SprZwijndrecht
47%
Stop, SprArnhem Velperpoort
46%
SprBeilen
46%
SprWeesp
46%
SprAlmere Parkwijk
45%
StopCuijk
45%
SprGouda Goverwelle
45%
SprMaarssen
45%
StopMaastricht Randwyck
45%
StopSliedrecht
45%
Spr, ICBeverwijk
44%
SprDelft Campus
44%
SprPutten
44%
Spr, ICSteenwijk
44%
StopBarneveld Zuid
43%
SprDiemen Zuid
43%
StopEemshaven
43%
StopGroningen Noord
43%
StopHengelo Gezondheidspark
43%
Stop, SnelMariënberg
43%
Stop, SnelOmmen
43%
Spr's-Hertogenbosch Oost
43%
StopStavoren
43%
SprUtrecht Maliebaan
43%
SprUtrecht Zuilen
43%
StopVeendam
43%
StopBarneveld Noord
42%
SprBorne
42%
SprBreukelen
42%
Spr, ICHeiloo
42%
SprNijmegen Dukenburg
42%
SprRosmalen
42%
Spr, ICVlissingen Souburg
42%
SprVught
42%
SprZwolle Stadshagen
42%
SprArnhem Presikhaaf
41%
Spr, ICHoorn Kersenboogerd
41%
SprNijmegen Goffert
41%
Spr, ICRaalte
41%
SprRotterdam Lombardijen
41%
Spr, ICSchagen
41%
SprWierden
41%
SprZaltbommel
41%
SprBloemendaal
40%
SprBrummen
40%
SprCulemborg
40%
SprGeldrop
40%
SprGilze-Rijen
40%
SprHaren
40%
SprHouten Castellum
40%
SprNijkerk
40%
SprNunspeet
40%
SprRijswijk
40%
SprVoorschoten
40%
StopEnschede De Eschmarke
39%
SprErmelo
39%
SprVoorburg
39%
StopWinschoten
39%
SprDeventer Colmschate
38%
Stop, SnelEmmen Zuid
38%
StopGoor
38%
SprHeemskerk
38%
Spr, ICNijverdal
38%
SprRijssen
38%
SprSantpoort Noord
38%
SprAkkrum
37%
Spr, ICArnemuiden
37%
Stop, ICBlerick
37%
Spr, ICDeurne
37%
StopFraneker
37%
StopHengelo Oost
37%
SprHilversum Sportpark
37%
Spr, ICLeiden Lammenschans
37%
SprWaddinxveen
37%
SprBilthoven
36%
StopBoxmeer
36%
Stop, SnelDalfsen
36%
SprDen Haag Ypenburg
36%
StopEijsden
36%
SprGrou-Jirnsum
36%
SprNaarden-Bussum
36%
Spr, ICRilland-Bath
36%
SprSantpoort Zuid
36%
SprTilburg Reeshof
36%
SprZaandijk Zaanse Schans
36%
StopApeldoorn De Maten
35%
ICBovenkarspel Flora
35%
SprCapelle Schollevaar
35%
StopDoetinchem De Huet
35%
Stop, SnelNieuw Amsterdam
35%
SprVleuten
35%
SprRavenstein
34%
SprWolvega
34%
StopBad Nieuweschans
33%
SprBunnik
33%
SprDen Dolder
33%
SprDen Haag Moerwijk
33%
SprDe Vink
33%
SprHaarlem Spaarnwoude
33%
Stop, SnelLandgraaf
33%
StopLeeuwarden Camminghaburen
33%
StopLochem
33%
SprMaarn
33%
StopMaastricht Noord
33%
SprRheden
33%
SprSoest Zuid
33%
SprUtrecht Terwijde
33%
StopAppingedam
32%
Spr, ICBodegraven
32%
SprHeino
32%
SprOisterwijk
32%
StopRoodeschool
32%
SprTiel Passewaaij
32%
SprVeenendaal West
32%
StopDordrecht Stadspolders
31%
StopHardinxveld-Giessendam
31%
StopHoogezand-Sappemeer
31%
StopKesteren
31%
Spr, ICKrabbendijke
31%
Spr't Harde
31%
SprWaddinxveen Triangel
31%
SprHolten
30%
Spr, ICKruiningen-Yerseke
30%
StopLeerdam
30%
StopMook Molenhoek
30%
SprOverveen
30%
SprWaddinxveen Noord
30%
SprWezep
30%
StopArkel
29%
SprBoskoop
29%
Stop, SnelBuitenpost
29%
SprBussum Zuid
29%
StopDelden
29%
SnelEygelshoven Markt
29%
StopHeerlen Woonboulevard
29%
SprHeeze
29%
SprHillegom
29%
StopHoevelaken
29%
Spr, ICKapelle-Biezelinge
29%
SprKoog aan de Zaan
29%
Stop, SnelMeerssen
29%
SprObdam
29%
SprOudenbosch
29%
SprPurmerend Overwhere
29%
StopSliedrecht Baanhoek
29%
StopSneek Noord
29%
StopWinterswijk West
29%
SprWolfheze
29%
SprZoetermeer Oost
29%
SprApeldoorn Osseveld
28%
StopEcht
28%
StopEygelshoven
28%
SprHalfweg-Zwanenburg
28%
SprHollandsche Rading
28%
SprKrommenie Assendelft
28%
SprMaarheeze
28%
SprOosterbeek
28%
SprSassenheim
28%
StopWestervoort
28%
SprZevenbergen
28%
SprHelmond Brandevoort
27%
SprHelmond Brouwhuis
27%
ICHorst-Sevenum
27%
SprNieuw Vennep
27%
SprSoestdijk
27%
SprWormerveer
27%
StopZetten-Andelst
27%
SprBoskoop Snijdelwijk
26%
StopBoven-Hardinxveld
26%
ICBovenkarspel-Grootebroek
26%
StopChevremont
26%
Stop, SnelFeanwâlden
26%
StopGeleen Oost
26%
StopGramsbergen
26%
StopHardinxveld Blauwe Zoom
26%
Spr, ICHeemstede-Aerdenhout
26%
SprHelmond 't Hout
26%
StopHemmen-Dodewaard
26%
StopKlimmen-Ransdaal
26%
StopReuver
26%
SprZaandam Kogerveld
26%
StopBedum
25%
StopBeesd
25%
StopDelfzijl West
25%
StopDidam
25%
ICHoogkarspel
25%
StopIJlst
25%
StopRuurlo
25%
StopSchin Op Geul
25%
StopSwalmen
25%
StopZuidhorn
25%
SprDriehuis
24%
StopHindeloopen
24%
StopLichtenvoorde-Groenlo
24%
StopLunteren
24%
StopTegelen
24%
StopWehl
24%
StopGlanerbrug
23%
SprLansingerland-Zoetermeer
23%
SprPurmerend Weidevenne
23%
StopBaflo
22%
StopDalen
22%
StopGeleen-Lutterade
22%
StopGrijpskerk
22%
StopKlarenbeek
22%
StopKoudum-Molkwerum
22%
StopLoppersum
22%
SprNieuwerkerk aan de IJssel
22%
StopScheemda
22%
StopSchinnen
22%
StopSusteren
22%
StopTerborg
22%
SprTwello
22%
StopUithuizen
22%
StopUsquert
22%
StopVarsseveld
22%
StopVoerendaal
22%
StopVriezenveen
22%
StopZuidbroek
22%
StopGaanderen
21%
StopHurdegaryp
21%
StopMartenshoek
21%
StopOpheusden
21%
SprVoorhout
21%
StopVroomshoop
21%
StopWinsum
21%
StopBeek-Elsloo
20%
StopDaarlerveen
20%
StopNuth
20%
StopVierlingsbeek
20%
StopBunde
19%
StopKropswolde
19%
StopUithuizermeeden
19%
StopVoorst-Empe
19%
StopVorden
19%
StopDe Westereen
18%
StopDronryp
18%
StopMantgum
18%
StopSauwerd
18%
StopDeinum
17%
StopHoensbroek
17%
StopWarffum
17%
StopWorkum
17%
StopHouthem-St. Gerlach
16%
StopSpaubeek
16%
StopStedum
16%

Scoreverdeling

Percentiel versus Aantal Correcte Antwoorden

Procent van Mensen met Elke Score

Uw Scoregeschiedenis

U heeft deze quiz nog niet genomen sinds de laatste reset